Wooden Objects by Picture - Statistics

General Stats
  • This quiz has been taken 42 times
  • The average score is 10 of 16
Answer Stats
Picture Answer % Correct
chopsticks
95%
nest box / birdhouse
90%
buttons
88%
wine barrels
85%
crossbow
78%
torch
78%
Trojan horse
75%
clothes peg / clothespin
70%
meat mallet
68%
violoncello
68%
abacus
65%
clogs
63%
honey dipper
50%
vanity / dressing table
40%
parquet flooring
13%
dowsing rods / divining rods
10%
No matching quizzes found
Score Distribution
Percent of People with Each Score
Percentile by Number Answered
Your Score History
You have not taken this quiz